000 00217 a2200109 4500
001 50828
040 _cAnchieta - Pituba
240 1 0 _aBem-vindo!
_l
245 1 0 _aBem-vindo!
650 4 _aLĂ­ngua Portuguesa
942 _cMU
999 _c50828
_d50828